Les 5 plus petites délégations des continents aux JO de 2024 - Statistiques

Statistiques générales
  • Ce quiz a été pris 28 fois
  • Le résultat moyen est 15 sur 25
Statistiques - réponses
Continent Nombre de membres Pays Rang % Correct
Europe 5 Islande | Malte | Saint-Marin 3
96%
Europe 1 Liechtenstein 1
88%
Afrique 3 Lesotho | Malawi | Sao Tomé-et-Principe | Seychelles | Soudan | Tchad | Eswatini | Guinée équatoriale 3
84%
Europe 2 Andorre 2
80%
Amérique 4 Bolivie | Dominique | Honduras | Saint-Vincent-et-les-Grenadines | Sainte-Lucie 3
72%
Europe 6 Bosnie-Herzégovine | Monaco 4
72%
Océanie 4 Marshall | Tonga 4
72%
Asie 3 Bhoutan | Brunei | Cambodge 2
68%
Océanie 6 Papouasie-Nouvelle-Guinée | Vanuatu 5
68%
Amérique 5 Antigua-et-Barbuda | Barbade | Guyana | Suriname 4
64%
Océanie 3 Kiribati | Micronésie | Palaos | Salomon 3
64%
Asie 4 Laos | Oman | Timor oriental | Yémen 3
64%
Amérique 3 Saint-Christophe-et-Niévès 2
60%
Océanie 2 Tuvalu 2
60%
Océanie 1 Nauru 1
56%
Afrique 4 Centrafrique | Comores | Namibie | Congo | Sierra Leone 3
52%
Amérique 1 Belize 1
48%
Asie 5 Bangladesh | Maldives 4
44%
Afrique 5 Bénin | Togo | Gabon 5
44%
Amérique 6 Grenade 5
44%
Europe 7 Macédoine 5
44%
Afrique 1 Somalie 1
40%
Asie 6 Syrie | Sri Lanka | Afghanistan 5
36%
Afrique 2 Mauritanie 2
20%
Asie 2 Birmanie 1
12%
Aucun quiz correspondant
Distribution des résultats
% des personnes avec chaque résultat
Percentile par nombre de réponses
Votre historique - résultats
Vous n’avez pas pris ce quiz